000 00292nam a2200121Ia 4500
008 190216s9999||||xx |||||||||||||| ||und||
100 _aHamberg Daniel
245 0 _aModels Of Economic Growth
260 _bHarper International Std
_c1971
300 _a246p
650 _aEconomics
942 _cBK
999 _c9337
_d9337